Antología de la poesía rumana contemporánea

Gespeichert in:
Bibliographische Detailangaben
1. Verfasser: Novăceanu, Darie
Format: Buch
Sprache:Undetermined
Veröffentlicht: Bucarest, Rumania Minerva 1977
Schlagworte:
Tags: Tag hinzufügen
Keine Tags, Fügen Sie den ersten Tag hinzu!

MARC

LEADER 00000nam a2200000Ia 4500
008 170316s9999 xx 000 0 und d
090 |a 859 A-1a 
100 |a Novăceanu, Darie 
245 |a Antología de la poesía rumana contemporánea 
260 |a Bucarest, Rumania 
260 |b Minerva 
260 |c 1977 
300 |a 561 páginas 
650 |a LITERATURA RUMANA 
650 |a ANTOLOGIA POEZIEI ROMÂNE CONTEMPORANE 
999 |c 23633  |d 23633 
040 |a cru BVZT 
942 |c 15 D  |h 859 A-1a  |2 z